| 000 | 00700nam a2200253Ia 4500 | ||
|---|---|---|---|
| 003 | OSt | ||
| 005 | 20221006144031.0 | ||
| 006 | a|||||r|||| 00| 0 | ||
| 007 | ta | ||
| 008 | 221006b |||||||| |||| 00| 0 eng d | ||
| 020 | _c60.46 | ||
| 024 | _a10,697 | ||
| 037 | _cTextual | ||
| 040 |
_aEASL _cEASL _beng |
||
| 041 |
_2eng _aeng |
||
| 082 | _aW691xM18, L8 | ||
| 100 | _aDIRLIK Arif | ||
| 245 | 0 |
_aRevolution and history _b The origins of Marxist historiography in China, 1919-1937 |
|
| 260 |
_aBerkeley _bUniversity of California Press _c1978 |
||
| 300 |
_a300p. _ccm. |
||
| 490 | _v Oth | ||
| 942 |
_hW691xM18, L8 _cTEXL _2CC |
||
| 999 |
_c1078783 _d1078783 |
||